Online
Catalog

Fray Gaspar de Villarroel, su "Govierno Eclesiástico Pacífico" y el patronato indiano / (Record no. 14626)

MARC details
000 -CABECERA
campo de control de longitud fija 01192cam a2200277 a 4500
001 - NÚMERO DE CONTROL
campo de control 000015053
005 - FECHA Y HORA DE LA ÚLTIMA TRANSACCIÓN
campo de control 20240425101655.0
008 - DATOS DE LONGITUD FIJA--INFORMACIÓN GENERAL
campo de control de longitud fija 910220s1990 ec a b f000 0 spa
035 ## - NÚMERO DE CONTROL DEL SISTEMA
Número de control de sistema (DLC) 91119922
040 ## - FUENTE DE LA CATALOGACIÓN
Centro catalogador/agencia de origen DO-SdBNP
Centro/agencia transcriptor DLC
043 ## - CÓDIGO DE ÁREA GEOGRÁFICA
Código de área geográfica e-sp---
082 ## - NÚMERO DE LA CLASIFICACIÓN DECIMAL DEWEY
Número de clasificación 922.2
Número de documento/Ítem V722G
049 ## - FONDOS LOCALES (OCLC)
Fondos de biblioteca BNGR
100 1# - ENTRADA PRINCIPAL--NOMBRE DE PERSONA
Nombre de persona González Zumárraga, Antonio,
Fechas asociadas al nombre 1925-2008
9 (RLIN) 34067
245 10 - MENCIÓN DE TÍTULO
Título Fray Gaspar de Villarroel, su "Govierno Eclesiástico Pacífico" y el patronato indiano /
Mención de responsabilidad, etc. Antonio González Zumárraga.
260 ## - PUBLICACIÓN, DISTRIBUCIÓN, ETC.
Lugar de publicación, distribución, etc. Quito :
Nombre del editor, distribuidor, etc. Presidencia de la República del Ecuador, Comisión Nacional Permanente de Conmemoraciones Cívicas,
Fecha de publicación, distribución, etc. 1990.
300 ## - DESCRIPCIÓN FÍSICA
Extensión xxxii, 291 p. :
Otras características físicas il. ;
Dimensiones 21 cm.
490 1# - MENCIÓN DE SERIE
Mención de serie Contribución al V centenario del descubrimiento de América
Designación de volumen o secuencia 8
504 ## - NOTA DE BIBLIOGRAFÍA, ETC.
Nota de bibliografía, etc. Incluye referencias bibliográficas y notas al pie de las páginas.
504 ## - NOTA DE BIBLIOGRAFÍA, ETC.
Nota de bibliografía, etc. Bibliografías: p. xiii-xxv.
600 10 - PUNTO DE ACCESO ADICIONAL DE MATERIA--NOMBRE DE PERSONA
Nombre de persona VILLARROEL, GASPAR DE, ARZOBISPO,
Fechas asociadas al nombre 1587-1665.
9 (RLIN) 34068
650 #0 - PUNTO DE ACCESO ADICIONAL DE MATERIA--TÉRMINO DE MATERIA
Término de materia o nombre geográfico como elemento de entrada Iglesia y estado
9 (RLIN) 34069
651 #0 - PUNTO DE ACCESO ADICIONAL DE MATERIA--NOMBRE GEOGRÁFICO
Nombre geográfico España
Subdivisión general Colonias
-- Administración
9 (RLIN) 34070
830 #0 - PUNTO DE ACCESO ADICIONAL DE SERIE-TÍTULO UNIFORME
Título uniforme Contribución al quinto centenario del descubrimiento de América ;
Designación de volumen o secuencia 8.
9 (RLIN) 34071
910 ## - DATOS DE OPCIÓN DEL USUARIO (OCLC)
Datos de opción del usuario Catalogación por copia / LC
Holdings
Estado de retiro Estado de pérdida Restricciones de uso No para préstamo Código de colección Localización permanente Ubicación/localización actual Ubicación en estantería Fecha de adquisición Número de inventario Total de préstamos Signatura topográfica completa Código de barras Fecha visto por última vez Precio válido a partir de Tipo de ítem Koha
      Excluido de préstamo Monografías: Libros y Folletos General General En catalogación 29.01.2010 LF1   922.2 V722G 15053-10 25.06.2020 25.06.2020 No se presta

Powered by Koha